00576nam a2200181Ia 450000500170000000800410001702000180005808200130007624500700008926000480015930000130020765000130022065000200023370000250025394200060027895200950028499900150037920240627034517.0240331s9999 xx 000 0 und d a9789380946153 bEPIa121 0aBIAS :bEpistemological Bias in the Physical and Social Sciences  aNew DelhibAl Ittehad Publications Pvt. Ltd a308 p ., aPhysical aSocial Sciences aElmessiri,M.A. eedt cL 001040708LaWERCLbWERCLcSSCd2024-03-31l0o 121 EPIp6677r2024-03-31w2024-03-31yL c5729d5729